Y-9 HARİTA KORUYUCULARI GEÇMİŞTEN GELEN (Record no. 588950)

MARC details
000 -LEADER
sabit uzunluktaki kontrol alanı 00296nam a2200109Ia 4500
001 - KONTROL NUMARASI
kontrol alanı 588950
005 - EN SON İŞLEMİN TARİH VE ZAMANI
kontrol alanı 20250717120840.0
008 - SABİT-UZUNLUKTA VERİ ÖĞELERİ--GENEL BİLGİ
sabit uzunluktaki kontrol alanı 250717s9999 xx 000 0 und d
245 #0 - ESER / YAZAR
ESER ADI Y-9 HARİTA KORUYUCULARI GEÇMİŞTEN GELEN
Yazar Adı ESRA BAHADIR CESAR
260 ## - YAYIN, DAĞITIM, VB.
YAYIN EVİ ERDEM YAYINLARI
Yayın, dağıtım tarihi, vb. 2020
300 ## - FİZİKSEL AÇIKLAMA
Diğer fiziksel ayrıntılar 213

No items available.